オーバーライドの歌詞 - Statistics

General Stats
  • This quiz has been taken 342 times
  • The average score is 40 of 155
Answer Stats
Answer % Correct
85%
76%
75%
72%
だけ
69%
か?
68%
バッドランド
66%
生まれた
66%
限界まで
63%
62%
人生
61%
デフォ
59%
くる
59%
もう
58%
足掻いた
58%
想像
55%
54%
エスケープ・
54%
バッドライフ
53%
53%
参っちゃう
53%
らしい
53%
とか
51%
くだらない
51%
なんだって
51%
抗う
51%
フロム・
51%
狂っている
51%
だけで
49%
それが
49%
よりも
49%
オーバーライド
49%
の!
45%
45%
けど、
44%
だけど
43%
42%
ために
42%
暗い
42%
ちょっと
42%
大丈夫
42%
デンエン
40%
なら
40%
後者
40%
行って
40%
半端な
40%
少々
39%
ここら
39%
未来
38%
蛇のように
37%
うるせえよ
37%
…したい
37%
vs.
37%
善戦
36%
逆転の一手
35%
這い、
34%
社会
34%
最後、
31%
現実
30%
何故か
29%
詰められない
29%
世界
29%
関数を
29%
BRIGHT
29%
無頼
27%
そうそう
26%
上手くは
24%
ようで
24%
いかない
23%
生命
19%
吐いた
18%
所だけど
15%
だって
13%
離れ離れ
13%
思われて
10%
また
10%
吐いた言葉
9%
だけが
9%
信条
9%
じゃあ
8%
付和雷同
8%
ガチャの
6%
引き
6%
こないからねー
6%
きっと
6%
まぁ、
5%
この世の中
5%
次第で
5%
わけだし?
5%
かまけた
5%
燃やされて
5%
しまう
5%
探した
5%
コード
5%
ばっか
5%
豪快さに
4%
蹴った
4%
冒険
4%
書いた
4%
杜撰な
4%
ユーザー
4%
何もかも
3%
いいじゃん(笑)
3%
ならば
3%
果てに
3%
いた
3%
知らないね!
3%
持てはやす
3%
なんて
3%
説明つく
2%
頑張れば
2%
沙汰も
2%
金次第で
2%
アンタが
2%
それで
2%
話は
2%
要らない
2%
どうか消えるまで
2%
スタンド・
2%
エラーすら
2%
読んじゃ
2%
人間の
2%
思う
2%
言葉の
2%
2%
知る由も
2%
ないだろう
2%
巻き返しに
1%
必要な
1%
力で
1%
別の事
1%
左右出来る
1%
わけがないよ(笑)
1%
おしまい?
1%
バイ・
1%
ミー
1%
撒いた
1%
事は
1%
哀れ、あはれ
1%
この地獄の
0%
どこまでも
0%
抜け出せる
0%
ワタシなど
0%
シタイだけ
0%
いない
0%
TONGUE
0%
No matching quizzes found
Score Distribution
Percent of People with Each Score
Percentile by Number Answered
Your Score History
You have not taken this quiz